[Event "VIE Cup (Women)"]
[Site "Hanoi"]
[Date "2021.??.??"]
[Round "3"]
[White "Nguyen, Thi Hanh"]
[Black "Nguyen, Ngoc Hien1"]
[Result "1/2-1/2"]
[WhiteElo "1866"]
[BlackElo "1377"]
[PlyCount "55"]
[EventDate "2021.05.03"]
[EventType "swiss"]
[EventRounds "9"]
[EventCountry "VIE"]
[SourceTitle "EXT 2022"]
[Source "ChessBase"]
[SourceDate "2021.10.06"]
[SourceVersion "1"]
[SourceVersionDate "2021.10.06"]
[SourceQuality "1"]

1. d4 e6 2. Nf3 f5 3. Bf4 Nf6 4. c4 d6 5. Nc3 h6 6. h4 Qe7 7. e3 Nc6 8. Qa4 Bd7 9. Qb3 0-0-0 10. 0-0-0 e5 11. dxe5 dxe5 12. Bg3 Ng4 13. h5 Qf7 14. Nd5 Be6 15. Be2 Bc5 16. Bh4 Ne7 17. Nc3 Rxd1+ 18. Rxd1 Nc6 19. Nd5 Qxh5 20. Qb5 e4 21. Nf4 Qf7 22. Nxe6 Qxe6 23. Qxc5 exf3 24. Bxf3 g5 25. Bxg4 fxg4 26. Bg3 a5 27. a3 Re8 28. Qd5 1/2-1/2

[Event "VIE-ch (Women)"]
[Site "Da Lat"]
[Date "2014.03.28"]
[Round "4"]
[White "Pham, Thi Thu Hoai"]
[Black "Nguyen, Thi Hanh"]
[Result "1-0"]
[WhiteElo "1924"]
[BlackElo "1865"]
[PlyCount "129"]
[EventDate "2014.03.26"]
[EventType "swiss"]
[EventRounds "11"]
[EventCountry "VIE"]
[SourceTitle "CBM 159 Extra"]
[Source "ChessBase"]
[SourceDate "2014.04.24"]
[SourceVersion "1"]
[SourceVersionDate "2014.04.24"]
[SourceQuality "1"]

1. e4 e5 2. Nf3 Nf6 3. Nc3 Bb4 4. Nxe5 0-0 5. Nd3 Bxc3 6. dxc3 Nxe4 7. Be2 d5 8. 0-0 Nd7 9. Re1 c6 10. Be3 Re8 11. Bf3 Ndf6 12. h3 Bf5 13. Nc1 Nd6 14. Nd3 Nfe4 15. Bg4 Bg6 16. Nf4 f5 17. Bh5 Bxh5 18. Qxh5 b6 19. Rad1 g5 20. Nd3 f4 21. Bc1 Qf6 22. Re2 Qg7 23. Rde1 Rf8 24. Nb4 Rac8 25. Qg4 Qg6 26. Qf3 a5 27. Nd3 Qg7 28. b3 Nf5 29. Bb2 Nxc3 30. Re5 d4 31. Qg4 Qg6 32. Re6 Qg7 33. R1e5 Nh6 34. Qxg5 Nf7 35. Qxg7+ Kxg7 36. Rf5 Rfe8 37. Nxf4 Rxe6 38. Nxe6+ Kg6 39. Rf3 Ne2+ 40. Kf1 Re8 41. Nxd4 Ng5 42. Re3 Rxe3 43. fxe3 Ng3+ 44. Ke1 c5 45. Nf3 Ne6 46. Ne5+ Kf5 47. Nc4 Ke4 48. Bc1 Nf5 49. Kf2 b5 50. Nxa5 Nc7 51. g4 Nd6 52. Bd2 Nd5 53. Nc6 c4 54. a4 c3 55. Bc1 bxa4 56. bxa4 Nc4 57. a5 Ndxe3 58. Bxe3 Nxe3 59. a6 Nd5 60. a7 Nc7 61. Kg3 Kd5 62. Nb4+ Kc4 63. Na2 Kb5 64. Nxc3+ Ka6 65. Nd5 1-0

[Event "VIE-ch op (Women)"]
[Site "Ho Chi Minh City"]
[Date "2013.11.24"]
[Round "8"]
[White "Bui, Kim Le"]
[Black "Nguyen, Thi Hanh"]
[Result "1-0"]
[WhiteElo "2095"]
[BlackElo "1878"]
[PlyCount "79"]
[EventDate "2013.11.19"]
[EventType "swiss"]
[EventRounds "9"]
[EventCountry "VIE"]
[SourceTitle "CBM 157 Extra"]
[Source "ChessBase"]
[SourceDate "2013.12.19"]
[SourceVersion "1"]
[SourceVersionDate "2013.12.19"]
[SourceQuality "1"]

1. e4 e5 2. Nc3 Nf6 3. d4 exd4 4. Qxd4 Nc6 5. Qe3 Bb4 6. Bd2 Qe7 7. 0-0-0 0-0 8. f3 a6 9. g4 Bc5 10. Qe1 b5 11. g5 Ne8 12. Nd5 Qd8 13. Qg3 Ne7 14. Bd3 Bb7 15. Nf6+ gxf6 16. gxf6+ Ng6 17. h4 Qxf6 18. h5 d6 19. Ne2 Ng7 20. hxg6 fxg6 21. Qh3 h5 22. f4 Qf7 23. Kb1 Rae8 24. Ng3 Bf2 25. f5 gxf5 26. Nxf5 Nxf5 27. exf5 Bxh1 28. Rxh1 Bd4 29. Qg2+ Qg7 30. Qd5+ Rf7 31. f6 Bxf6 32. Qxh5 Rfe7 33. Qd5+ Rf7 34. a4 Bxb2 35. Bh7+ Kf8 36. Bh6 Re1+ 37. Rxe1 Qxh6 38. Qa8+ Kg7 39. Qg8+ Kf6 40. Rf1+ 1-0

[Event "VIE-chT (Women)"]
[Site "Bac Giang"]
[Date "2013.08.17"]
[Round "5"]
[White "Do Huu Thuy, Trang"]
[Black "Nguyen, Thi Hanh"]
[Result "0-1"]
[WhiteElo "1832"]
[BlackElo "1900"]
[PlyCount "124"]
[EventDate "2013.08.14"]
[EventType "team-swiss"]
[EventRounds "11"]
[EventCountry "VIE"]
[SourceTitle "CBM 156 Extra"]
[Source "ChessBase"]
[SourceDate "2013.10.22"]
[SourceVersion "1"]
[SourceVersionDate "2013.10.22"]
[SourceQuality "1"]

1. d4 d5 2. c4 c6 3. Nf3 Nf6 4. Nc3 dxc4 5. a4 Bg4 6. e3 e6 7. Bxc4 Bb4 8. Bd2 0-0 9. h3 Bh5 10. g4 Bg6 11. Ne5 Nbd7 12. Nxg6 hxg6 13. f4 Nd5 14. g5 Re8 15. Qf3 a6 16. h4 b5 17. Bd3 Kf8 18. h5 Ne7 19. hxg6 fxg6 20. Ke2 Nb6 21. a5 Nc4 22. Bxc4 bxc4 23. Ne4 Bxd2 24. Nxd2 Qd5 25. Rhc1 Rab8 26. Nxc4 Rb4 27. Qxd5 cxd5 28. Ne5 Rxb2+ 29. Kf3 Nf5 30. Nxg6+ Kg8 31. Rc7 Rh2 32. Rac1 Kh7 33. Ne5 Rh3+ 34. Kg2 Rg3+ 35. Kf2 Rh3 36. Ng4 Rb8 37. R1c2 Rb1 38. R7c3 Rg3 39. Nh2 Rbg1 40. Nf1 R3g2+ 41. Ke1 Rxc2 42. Rxc2 Rxf1+ 43. Ke2 Rh1 44. Rc6 Rh2+ 45. Kd3 Ra2 46. g6+ Kxg6 47. Rxe6+ Kf7 48. Rxa6 Ra3+ 49. Kd2 Nxe3 50. Ra8 Nc4+ 51. Ke2 Rxa5 52. Rb8 Nd6 53. Rd8 Ke7 54. Rb8 Nf5 55. Rb7+ Kf6 56. Rb6+ Kf7 57. Rb7+ Kg6 58. Kf3 Ra3+ 59. Kf2 Nxd4 60. Rd7 Ra5 61. Kg3 Nf5+ 62. Kg4 Ra3 0-1

[Event "VIE-chT (Women)"]
[Site "Bac Giang"]
[Date "2013.08.15"]
[Round "3"]
[White "Pham, Thi Kim Long"]
[Black "Nguyen, Thi Hanh"]
[Result "1-0"]
[WhiteElo "1612"]
[BlackElo "1900"]
[PlyCount "111"]
[EventDate "2013.08.14"]
[EventType "team-swiss"]
[EventRounds "11"]
[EventCountry "VIE"]
[SourceTitle "CBM 156 Extra"]
[Source "ChessBase"]
[SourceDate "2013.10.22"]
[SourceVersion "1"]
[SourceVersionDate "2013.10.22"]
[SourceQuality "1"]

1. e4 e5 2. Nf3 Nf6 3. Nc3 Bb4 4. d3 0-0 5. Be2 d5 6. Bd2 Bg4 7. Nxe5 Bxe2 8. Qxe2 dxe4 9. Nxe4 Bxd2+ 10. Kxd2 Re8 11. f4 Nbd7 12. Nxd7 Nxe4+ 13. dxe4 Qxd7+ 14. Kc1 Qd4 15. Re1 f5 16. c3 Qa4 17. Qc2 Qxc2+ 18. Kxc2 fxe4 19. Re3 Re7 20. Rae1 Rae8 21. Kb3 Kf7 22. Rd1 Kf6 23. g4 g6 24. Rd5 h6 25. h4 c6 26. g5+ Kg7 27. Rd4 a6 28. a4 Kh7 29. Kb4 Kg7 30. b3 Kh7 31. c4 Kg7 32. Kc5 h5 33. b4 Kh7 34. b5 cxb5 35. axb5 axb5 36. cxb5 Kg7 37. Kb6 Kh7 38. Rc4 Kg7 39. Rc7 Rxc7 40. Kxc7 Re7+ 41. Kd6 Kf7 42. Kd5 Rd7+ 43. Kxe4 Ke6 44. Kf3+ Kf7 45. Rc3 Ke6 46. Rc8 Kd5 47. Rf8 Kc5 48. Rf6 Kxb5 49. Rxg6 Rd3+ 50. Ke2 Rh3 51. Rg7 b6 52. f5 Rxh4 53. f6 Rf4 54. f7 h4 55. g6 h3 56. Rh7 1-0

[Event "Ho Chi Minh City HD Bank op 3rd"]
[Site "Ho Chi Minh City"]
[Date "2013.03.23"]
[Round "7"]
[White "Nguyen, Thi Hanh"]
[Black "Tran Le Dan, Thuy"]
[Result "1-0"]
[WhiteElo "1902"]
[BlackElo "1895"]
[PlyCount "75"]
[EventDate "2013.03.19"]
[EventType "swiss"]
[EventRounds "9"]
[EventCountry "VIE"]
[SourceTitle "CBM 153 Extra"]
[Source "ChessBase"]
[SourceDate "2013.04.22"]
[SourceVersion "1"]
[SourceVersionDate "2013.04.22"]
[SourceQuality "1"]

1. e4 c5 2. Nf3 d6 3. d4 cxd4 4. Nxd4 Nf6 5. Nc3 e6 6. Be2 a6 7. 0-0 Be7 8. a4 Qc7 9. f4 Bd7 10. Kh1 Nc6 11. Be3 0-0 12. Bf3 Na5 13. Qe1 Nc4 14. Bc1 Rac8 15. Nb3 Ne8 16. Nd2 Na5 17. e5 d5 18. Nb3 Bb4 19. Nxd5 Bxe1 20. Nxc7 Rxc7 21. Rxe1 Nxb3 22. cxb3 Bc6 23. Re3 Bxf3 24. Rxf3 Rd7 25. Be3 Nc7 26. Bc5 Rfd8 27. h3 Nd5 28. a5 Rc8 29. b4 g6 30. Rd1 h5 31. g4 hxg4 32. hxg4 Kg7 33. f5 Rh8+ 34. Kg1 g5 35. Bd6 Rdd8 36. Rxd5 exd5 37. Be7 Rhe8 38. Bf6+ 1-0

[Event "Ho Chi Minh City HD Bank op 3rd"]
[Site "Ho Chi Minh City"]
[Date "2013.03.23"]
[Round "8"]
[White "Pham Thi Thu, Hien"]
[Black "Nguyen, Thi Hanh"]
[Result "1-0"]
[WhiteElo "2132"]
[BlackElo "1902"]
[PlyCount "150"]
[EventDate "2013.03.19"]
[EventType "swiss"]
[EventRounds "9"]
[EventCountry "VIE"]
[SourceTitle "CBM 153 Extra"]
[Source "ChessBase"]
[SourceDate "2013.04.22"]
[SourceVersion "1"]
[SourceVersionDate "2013.04.22"]
[SourceQuality "1"]

1. e4 e5 2. Nf3 Nf6 3. d4 Nxe4 4. Bd3 d5 5. Nxe5 Bd6 6. 0-0 0-0 7. Re1 f6 8. Nf3 Re8 9. c4 c6 10. h3 Kh8 11. Nc3 Nxc3 12. bxc3 dxc4 13. Bxc4 Bf5 14. a4 Nd7 15. a5 Qc7 16. Bd2 Rad8 17. Nh4 Rxe1+ 18. Qxe1 Bc2 19. Ra2 Bg6 20. Nxg6+ hxg6 21. Qe4 Nf8 22. Qh4+ Nh7 23. Qg4 Nf8 24. Qh4+ Nh7 25. Qe4 f5 26. Qf3 Nf6 27. h4 Re8 28. Ra1 Re4 29. Bg5 Qe7 30. Rf1 Bc7 31. Bd3 Re1 32. h5 Rxf1+ 33. Bxf1 Qd6 34. Qh3 Nxh5 35. a6 bxa6 36. Be2 Qe6 37. Bxa6 c5 38. Bf1 cxd4 39. cxd4 Qd6 40. Be2 Qxd4 41. Bxh5 Qa1+ 42. Bd1+ Kg8 43. Qb3+ Kh7 44. g3 Bb6 45. Kg2 Bd4 46. Qd3 a5 47. Qc2 Qa3 48. Qb3 Qa1 49. g4 Bc3 50. gxf5 gxf5 51. Bc2 Kg6 52. Be3 Bf6 53. Bf4 Qc3 54. Qa4 Qc8 55. Bg3 Kh7 56. Bd1 Qd8 57. Bf3 g5 58. Qc2 Kg6 59. Bd1 Qd5+ 60. Bf3 Qd7 61. Qc4 Qe7 62. Qg8+ Kh6 63. Qd5 Kg6 64. Qxa5 g4 65. Bc6 Qe6 66. Bd5 Qd7 67. Qa8 Kg5 68. Qg8+ Bg7 69. Be5 Kg6 70. Bxg7 Qxg7 71. Qxg7+ Kxg7 72. Kg3 Kg6 73. Kf4 Kh5 74. Kxf5 Kh4 75. Kf4 Kh3 1-0

[Event "Ho Chi Minh City HD Bank op 3rd"]
[Site "Ho Chi Minh City"]
[Date "2013.03.20"]
[Round "3"]
[White "Nguyen, Thi Hanh"]
[Black "Nguyen Thi Mai, Hung"]
[Result "0-1"]
[WhiteElo "1902"]
[BlackElo "2271"]
[PlyCount "90"]
[EventDate "2013.03.19"]
[EventType "swiss"]
[EventRounds "9"]
[EventCountry "VIE"]
[SourceTitle "CBM 153 Extra"]
[Source "ChessBase"]
[SourceDate "2013.04.22"]
[SourceVersion "1"]
[SourceVersionDate "2013.04.22"]
[SourceQuality "1"]

1. e4 c5 2. Nf3 g6 3. d4 cxd4 4. Nxd4 Nc6 5. Nc3 Bg7 6. Be3 Nf6 7. f3 0-0 8. Bc4 d5 9. exd5 Nb4 10. 0-0 Nbxd5 11. Nxd5 Nxd5 12. Bf2 a6 13. c3 Nf4 14. Re1 Qc7 15. Bb3 e5 16. Ne2 Rd8 17. Qb1 Bf5 18. Bc2 Rd2 19. Bxf5 Nxe2+ 20. Rxe2 Rxe2 21. Bd3 Rd2 22. Be3 Rxd3 23. Qxd3 Rd8 24. Qe2 Qd6 25. Re1 h6 26. Qc2 Rd7 27. Re2 Qe6 28. Qb3 Qxb3 29. axb3 Rd1+ 30. Kf2 f5 31. Re1 Rd7 32. Ke2 Kf7 33. Ra1 Ke6 34. Ra5 h5 35. b4 Rd5 36. Ra1 Bf6 37. h3 f4 38. Bb6 Kf5 39. c4 Rd7 40. b3 e4 41. Ra5+ Be5 42. fxe4+ Kxe4 43. b5 Bc3 44. bxa6 Bxa5 45. a7 Rd2+ 0-1

[Event "VIE-ch (Women)"]
[Site "Ho Chi Minh City"]
[Date "2012.12.05"]
[Round "9"]
[White "Nguyen, Thi Hanh"]
[Black "Pham, Thi Thu Hien"]
[Result "0-1"]
[WhiteElo "1884"]
[BlackElo "2105"]
[PlyCount "142"]
[EventDate "2012.11.29"]
[EventType "swiss"]
[EventRounds "9"]
[EventCountry "VIE"]
[SourceTitle "CBM 151 Extra"]
[Source "ChessBase"]
[SourceDate "2012.12.18"]
[SourceVersion "1"]
[SourceVersionDate "2012.12.18"]
[SourceQuality "1"]

1. e4 e5 2. Nf3 Nc6 3. Bc4 Bc5 4. c3 Nf6 5. d3 d6 6. 0-0 0-0 7. b4 Bb6 8. a4 a6 9. Bg5 h6 10. Bh4 Be6 11. Nbd2 Qe7 12. Qb3 a5 13. b5 Nb8 14. d4 Bg4 15. Rfe1 Nbd7 16. Qc2 Rfe8 17. Qd3 Bh5 18. Ba2 Qf8 19. Nc4 g5 20. Bg3 Rad8 21. Nfd2 Bg6 22. Nxb6 Nxb6 23. Qf3 Qg7 24. Bb3 Nh5 25. Qe3 Kh7 26. Rad1 exd4 27. Qxd4 Nd7 28. f3 Nxg3 29. hxg3 Nc5 30. Bc2 Ne6 31. Qxg7+ Kxg7 32. Nc4 b6 33. Ne3 Nc5 34. Nd5 Rd7 35. Kf2 f6 36. Rd4 Bf7 37. Ne3 Bb3 38. Nf5+ Kg6 39. Bd1 h5 40. Bxb3 Nxb3 41. Rc4 Re5 42. Rd1 Rc5 43. Rxc5 Nxc5 44. Rd4 Kf7 45. Ne3 Ke8 46. Nd5 Rf7 47. f4 Kd8 48. Ke3 Kc8 49. Kf3 Nb3 50. Rd1 Nc5 51. Rd4 Kd7 52. Ke3 Rf8 53. Kf3 Kd8 54. g4 h4 55. Ne3 Ne6 56. Rd1 Nxf4 57. Nf5 Ng6 58. g3 Ne5+ 59. Kg2 Nxg4 60. gxh4 gxh4 61. Rd2 Rh8 62. Kh3 Ne5 63. Nxd6 cxd6 64. Rxd6+ Nd7 65. c4 Ke7 66. Rc6 Rh5 67. Rc8 Rc5 68. Rh8 Rxc4 69. Rxh4 Rxa4 70. Kg3 Rb4 71. Rh7+ Ke6 0-1

[Event "VIE-ch (Women)"]
[Site "Ho Chi Minh City"]
[Date "2012.12.02"]
[Round "5"]
[White "Nguyen, Thi Hanh"]
[Black "Ton, Nu Hong An"]
[Result "1-0"]
[WhiteElo "1884"]
[BlackElo "2011"]
[PlyCount "57"]
[EventDate "2012.11.29"]
[EventType "swiss"]
[EventRounds "9"]
[EventCountry "VIE"]
[SourceTitle "CBM 151 Extra"]
[Source "ChessBase"]
[SourceDate "2012.12.18"]
[SourceVersion "1"]
[SourceVersionDate "2012.12.18"]
[SourceQuality "1"]

1. e4 c5 2. Nf3 d6 3. d4 cxd4 4. Nxd4 Nf6 5. Nc3 a6 6. Be2 e6 7. 0-0 Be7 8. a4 b6 9. f4 Bb7 10. Bf3 Qc7 11. Kh1 Nbd7 12. Qe1 0-0 13. Nb3 Rac8 14. Be3 Rfd8 15. Rd1 b5 16. axb5 axb5 17. Nd4 b4 18. Ncb5 Qb8 19. Bc1 Ba6 20. Qxb4 e5 21. fxe5 Nxe5 22. b3 Qb7 23. Ba3 Nxe4 24. Bxe4 Qxe4 25. Nf5 Qxb4 26. Nxe7+ Kf8 27. Bxb4 Kxe7 28. Nxd6 Rb8 29. Nb5+ 1-0

[Event "VIE-ch (Women)"]
[Site "Ho Chi Minh City"]
[Date "2012.11.29"]
[Round "1"]
[White "Nguyen, Thi Hanh"]
[Black "Le, Kieu Thien Kim"]
[Result "0-1"]
[WhiteElo "1884"]
[BlackElo "2261"]
[PlyCount "155"]
[EventDate "2012.11.29"]
[EventType "swiss"]
[EventRounds "9"]
[EventCountry "VIE"]
[SourceTitle "CBM 151 Extra"]
[Source "ChessBase"]
[SourceDate "2012.12.18"]
[SourceVersion "1"]
[SourceVersionDate "2012.12.18"]
[SourceQuality "1"]

1. e4 Nf6 2. e5 Nd5 3. d4 d6 4. Nf3 Bg4 5. exd6 exd6 6. Be2 Be7 7. 0-0 0-0 8. c3 Nc6 9. Qb3 Nb6 10. Bf4 Re8 11. Re1 Bf6 12. Nbd2 h6 13. Bd3 Qd7 14. h3 Be6 15. Qc2 Nd5 16. Bg3 g5 17. a3 Nde7 18. Rad1 Bg7 19. Nf1 f5 20. Qe2 Bf7 21. Bc4 d5 22. Bd3 f4 23. Bh2 Bh5 24. Bb1 Ng6 25. Qd3 Nf8 26. N1d2 Ne7 27. Rc1 Nc6 28. Qf5 Qxf5 29. Bxf5 Kf7 30. g3 Ne7 31. Bc2 Ne6 32. Ne5+ Kg8 33. Nd3 fxg3 34. Bxg3 Nf5 35. Kg2 Bg6 36. Ne5 Bh7 37. Ndf3 c6 38. Re2 Nxg3 39. fxg3 Bxc2 40. Rcxc2 Bxe5 41. Rxe5 Nc7 42. Rce2 Rxe5 43. Rxe5 Re8 44. g4 Kg7 45. Kg3 Rxe5 46. dxe5 Ne6 47. Nd4 Nc5 48. Nf5+ Kf7 49. Nxh6+ Ke6 50. h4 Ne4+ 51. Kh3 gxh4 52. Kxh4 Kxe5 53. g5 c5 54. Ng4+ Kf4 55. g6 Nd6 56. Nf2 Ke3 57. Kg5 Ne8 58. Ng4+ Kd3 59. Nf6 Ng7 60. Nxd5 Kc4 61. Ne3+ Kb3 62. Nf5 Ne8 63. Nd6 Ng7 64. Ne4 Kxb2 65. Kf6 Nh5+ 66. Kf7 c4 67. Nf6 Ng3 68. g7 Nf5 69. Nd5 Kxa3 70. Kg6 Nxg7 71. Kxg7 Kb3 72. Kf6 a5 73. Ke5 a4 74. Kd4 a3 75. Nb4 b5 76. Kc5 a2 77. Nxa2 Kxa2 78. Kd5 0-1

[Event "VIE-chT (Women)"]
[Site "Hanoi"]
[Date "2012.09.26"]
[Round "8"]
[White "Nguyen, Thi Tuong Van"]
[Black "Nguyen, Thi Hanh"]
[Result "1-0"]
[WhiteElo "2197"]
[BlackElo "1908"]
[PlyCount "49"]
[EventDate "2012.09.21"]
[EventType "team-tourn"]
[EventRounds "9"]
[EventCountry "VIE"]
[SourceTitle "CBM 150 Extra"]
[Source "ChessBase"]
[SourceDate "2012.10.19"]
[SourceVersion "1"]
[SourceVersionDate "2012.10.19"]
[SourceQuality "1"]

1. e4 e5 2. Nf3 Nf6 3. Nxe5 d6 4. Nf3 Nxe4 5. d4 d5 6. Bd3 Be7 7. 0-0 Nc6 8. c4 Nb4 9. Be2 0-0 10. Nc3 Nf6 11. a3 Nc6 12. h3 Be6 13. c5 a5 14. Re1 Ne4 15. Bb5 Nxc3 16. bxc3 Na7 17. Bd3 Bf6 18. Ne5 Nc8 19. Rb1 Ra7 20. f4 Bh4 21. Re3 g6 22. f5 gxf5 23. Qh5 Qf6 24. Nf3 Bg3 25. Ng5 1-0

[Event "VIE-chT (Women)"]
[Site "Hanoi"]
[Date "2012.09.25"]
[Round "7"]
[White "Nguyen, Thi Hanh"]
[Black "Tran Thi Mong, Thu"]
[Result "1-0"]
[WhiteElo "1908"]
[BlackElo "1816"]
[PlyCount "71"]
[EventDate "2012.09.21"]
[EventType "team-tourn"]
[EventRounds "9"]
[EventCountry "VIE"]
[SourceTitle "CBM 150 Extra"]
[Source "ChessBase"]
[SourceDate "2012.10.19"]
[SourceVersion "1"]
[SourceVersionDate "2012.10.19"]
[SourceQuality "1"]

1. e4 c5 2. Nf3 d6 3. d4 cxd4 4. Nxd4 Nf6 5. Nc3 a6 6. Be2 e5 7. Nb3 Be7 8. 0-0 0-0 9. Be3 Nbd7 10. a4 b6 11. f4 Bb7 12. Bf3 Qc7 13. Qe2 Rac8 14. Rad1 Rfd8 15. Kh1 Bf8 16. Qf2 Re8 17. f5 Bc6 18. g4 Qb7 19. Qg2 h6 20. h4 Nh7 21. g5 hxg5 22. hxg5 g6 23. Nd5 Bxd5 24. Rxd5 Qc6 25. Rd2 Bg7 26. Qh3 Ndf8 27. Nc1 Qxa4 28. b3 Qa5 29. Nd3 d5 30. Rdf2 d4 31. Bc1 Rc7 32. Bd1 Qb5 33. Rh2 Qc6 34. Qh4 a5 35. f6 Bh8 36. Ba3 1-0

[Event "VIE-chT (Women)"]
[Site "Hanoi"]
[Date "2012.09.22"]
[Round "3"]
[White "Doan Thi Hong, Nhung"]
[Black "Nguyen, Thi Hanh"]
[Result "1-0"]
[WhiteElo "1844"]
[BlackElo "1908"]
[PlyCount "77"]
[EventDate "2012.09.21"]
[EventType "team-tourn"]
[EventRounds "9"]
[EventCountry "VIE"]
[SourceTitle "CBM 150 Extra"]
[Source "ChessBase"]
[SourceDate "2012.10.19"]
[SourceVersion "1"]
[SourceVersionDate "2012.10.19"]
[SourceQuality "1"]

1. e4 e5 2. Nf3 Nf6 3. Nc3 Bb4 4. Bc4 0-0 5. d3 d5 6. exd5 Nxd5 7. Bd2 Bxc3 8. Bxc3 Nxc3 9. bxc3 Bg4 10. h3 Bh5 11. Qe2 Nd7 12. 0-0 Qf6 13. Qe4 Bxf3 14. gxf3 c6 15. Kh1 Kh8 16. Rg1 Qh6 17. Qg4 f5 18. Qg3 Rf6 19. h4 Raf8 20. Rab1 b6 21. d4 b5 22. Bb3 e4 23. a4 exf3 24. axb5 f4 25. Qh3 Rf5 26. bxc6 Nf6 27. Qxf3 Qxh4+ 28. Kg2 Ng4 29. Be6 Nh2 30. Qh3 Qxh3+ 31. Kxh3 Rh5+ 32. Kg2 g5 33. f3 Rh6 34. d5 g4 35. Bxg4 Nxg4 36. fxg4 f3+ 37. Kg3 f2 38. Rgf1 Re8 39. Rxf2 1-0

[Event "VIE-ch KO (Women)"]
[Site "Can Tho"]
[Date "2012.03.26"]
[Round "1.2"]
[White "Nguyen, Thi Hanh"]
[Black "Ngo, Thi Kim Tuyen"]
[Result "0-1"]
[WhiteElo "1943"]
[BlackElo "2088"]
[PlyCount "84"]
[EventDate "2012.03.26"]
[EventType "k.o."]
[EventRounds "3"]
[EventCountry "VIE"]
[SourceTitle "EXT 2013"]
[Source "ChessBase"]
[SourceDate "2012.11.22"]
[SourceVersion "1"]
[SourceVersionDate "2012.11.22"]
[SourceQuality "1"]

1. e4 Nf6 2. e5 Nd5 3. d4 d6 4. exd6 cxd6 5. Bd3 g6 6. Nf3 Bg7 7. 0-0 0-0 8. a3 Nc6 9. c4 Nb6 10. d5 Ne5 11. Nxe5 dxe5 12. Nc3 e6 13. Qb3 exd5 14. c5 d4 15. Ne4 Qd5 16. Qc2 Nd7 17. Bc4 Qc6 18. f4 exf4 19. Bxf4 Ne5 20. Bxe5 Bxe5 21. Rxf7 Rxf7 22. Ng5 Kg7 23. Nxf7 Bf4 24. b4 Bf5 25. Qa2 Qc7 26. Nd6 Bxd6 27. cxd6 Qxd6 28. Bd5 Rb8 29. Rf1 Qe5 30. h3 b6 31. Kh1 Rd8 32. Bf3 d3 33. Qc4 d2 34. Qc6 Rc8 35. Qb7+ Rc7 36. Qb8 Qe7 37. Bd1 Qd7 38. Bb3 Qc8 39. Qxc8 Rxc8 40. g4 Rc1 41. Kg2 Be4+ 42. Kf2 Rxf1+ 0-1

[Event "VIE-ch (Women)"]
[Site "Can Tho"]
[Date "2012.03.23"]
[Round "8"]
[White "Ngo, Thi Kim Tuyen"]
[Black "Nguyen, Thi Hanh"]
[Result "1-0"]
[WhiteElo "2088"]
[BlackElo "1943"]
[PlyCount "63"]
[EventDate "2012.03.19"]
[EventType "swiss"]
[EventRounds "9"]
[EventCountry "VIE"]
[SourceTitle "EXT 2013"]
[Source "ChessBase"]
[SourceDate "2012.11.22"]
[SourceVersion "1"]
[SourceVersionDate "2012.11.22"]
[SourceQuality "1"]

1. d4 d5 2. Nf3 Nf6 3. Bg5 c6 4. e3 Bg4 5. Be2 e6 6. 0-0 Be7 7. Nbd2 0-0 8. c4 Nbd7 9. c5 Bxf3 10. Bxf3 e5 11. b4 a6 12. a4 Re8 13. Qb3 Qc7 14. Bh4 Nf8 15. Bg3 Ng6 16. Be2 Bd8 17. Bd3 Nd7 18. Bxg6 hxg6 19. e4 Bg5 20. Nf3 Bf4 21. Bxf4 exf4 22. exd5 cxd5 23. Qxd5 Nf6 24. Qb3 Rad8 25. Rad1 Rd5 26. Rfe1 Rxe1+ 27. Rxe1 Rd8 28. h3 Qd7 29. Ne5 Qc7 30. Nxg6 Nd5 31. Re5 Qc6 32. Rxd5 1-0

[Event "VIE-ch (Women)"]
[Site "Can Tho"]
[Date "2012.03.19"]
[Round "2"]
[White "Nguyen, Thi Hanh"]
[Black "Tran Le Dan, Thuy"]
[Result "0-1"]
[WhiteElo "1943"]
[BlackElo "1836"]
[PlyCount "84"]
[EventDate "2012.03.19"]
[EventType "swiss"]
[EventRounds "9"]
[EventCountry "VIE"]
[SourceTitle "EXT 2013"]
[Source "ChessBase"]
[SourceDate "2012.11.22"]
[SourceVersion "1"]
[SourceVersionDate "2012.11.22"]
[SourceQuality "1"]

1. e4 c5 2. Nf3 d6 3. d4 cxd4 4. Nxd4 Nf6 5. Nc3 a6 6. Be2 e6 7. a4 Qc7 8. 0-0 Be7 9. f4 Nbd7 10. Bf3 0-0 11. Kh1 Nb6 12. Qe1 Bd7 13. Qg3 Qc4 14. Be3 Qc7 15. e5 Ne8 16. Rad1 Nxa4 17. Nxa4 Bxa4 18. Be4 g6 19. Rf3 Ng7 20. b3 Bd7 21. exd6 Bxd6 22. Qh4 f5 23. Bd3 Qd8 24. Qh6 Qe7 25. Rh3 Nh5 26. Bc4 Nf6 27. Qg5 Nd5 28. Nxe6 Bxe6 29. Bxd5 Bxd5 30. Rxd5 Rad8 31. Qxe7 Bxe7 32. Rxd8 Rxd8 33. g4 fxg4 34. Rg3 Rd1+ 35. Kg2 h5 36. Kf2 Bh4 37. Ke2 Bxg3 38. Kxd1 Bxh2 39. Ke2 h4 40. Kf2 h3 41. b4 g3+ 42. Kf3 g2 0-1

[Event "VIE-ch (Women)"]
[Site "Da Lat"]
[Date "2011.03.25"]
[Round "8"]
[White "Nguyen, Thi Hanh"]
[Black "Bui, Kim Le"]
[Result "0-1"]
[WhiteElo "1969"]
[BlackElo "2143"]
[PlyCount "130"]
[EventDate "2011.03.20"]
[EventType "swiss"]
[EventRounds "11"]
[EventCountry "VIE"]
[SourceTitle "CBM 141 Extra"]
[Source "ChessBase"]
[SourceDate "2011.05.03"]
[SourceVersion "1"]
[SourceVersionDate "2011.05.03"]
[SourceQuality "1"]

1. e4 c5 2. Nf3 d6 3. d4 cxd4 4. Nxd4 Nf6 5. Nc3 a6 6. a4 g6 7. Be2 Bg7 8. 0-0 0-0 9. Be3 Nc6 10. Nb3 Be6 11. f4 Rc8 12. Qd2 Re8 13. Kh1 Na5 14. Nxa5 Qxa5 15. Bd4 Nxe4 16. Nxe4 Qxd2 17. Nxd2 Bxd4 18. c3 Be3 19. Rad1 Kf8 20. h3 h5 21. Bd3 Bxd2 22. Rxd2 Rc5 23. Rdf2 f5 24. Rd2 Bb3 25. Bc2 Bxc2 26. Rxc2 Rec8 27. g3 Rc4 28. Ra1 a5 29. Kg2 h4 30. Re2 hxg3 31. Kxg3 Kf7 32. Re3 R8c7 33. Rd3 Kf6 34. h4 R7c6 35. Re1 Rxa4 36. Rde3 Rc7 37. Re6+ Kf7 38. h5 gxh5 39. Rh6 Ra2 40. Rxh5 Rxb2 41. Rxf5+ Kg6 42. Rg5+ Kf6 43. Re3 a4 44. Ra5 b5 45. Kg4 Rb3 46. Rh3 Rbxc3 47. Rh6+ Kg7 48. Rh5 R3c5 49. f5 Re5 50. Rg5+ Kf7 51. Ra8 e6 52. Rg6 exf5+ 53. Kg5 f4+ 54. Kh6 Re6 55. Rf8+ Kxf8 56. Rxe6 b4 57. Rxd6 b3 58. Rb6 f3 59. Kg6 Rg7+ 60. Kf6 Rf7+ 61. Kg6 Kg8 62. Rb8+ Rf8 63. Rb7 Rf6+ 64. Kxf6 f2 65. Kg6 f1Q 0-1

[Event "VIE-ch (Women)"]
[Site "Da Lat"]
[Date "2011.03.24"]
[Round "7"]
[White "Hoang, Thi Nhu Y"]
[Black "Nguyen, Thi Hanh"]
[Result "1-0"]
[WhiteElo "2243"]
[BlackElo "1969"]
[PlyCount "77"]
[EventDate "2011.03.20"]
[EventType "swiss"]
[EventRounds "11"]
[EventCountry "VIE"]
[SourceTitle "CBM 141 Extra"]
[Source "ChessBase"]
[SourceDate "2011.05.03"]
[SourceVersion "1"]
[SourceVersionDate "2011.05.03"]
[SourceQuality "1"]

1. c4 c6 2. Nf3 Nf6 3. d4 d5 4. Bf4 dxc4 5. Qc2 b5 6. a4 Bb7 7. e3 a6 8. Be2 e6 9. 0-0 Bd6 10. Bg5 0-0 11. e4 Be7 12. Rd1 Nbd7 13. Ne5 Re8 14. Bf3 Qc7 15. Nxd7 Qxd7 16. Nc3 Rad8 17. Ne2 Nd5 18. Bxe7 Nxe7 19. Qc1 Qc7 20. Qg5 Ng6 21. Qc5 Qe7 22. Qb6 e5 23. Ng3 Rd7 24. Bg4 Qd8 25. Qa7 Rc7 26. dxe5 Qa8 27. Qb6 Qb8 28. e6 fxe6 29. Rd6 Nf4 30. Rad1 Qc8 31. h3 Nd3 32. Rxe6 Rxe6 33. Bxe6+ Qxe6 34. Qxc7 Qc8 35. Qe7 g6 36. e5 c5 37. axb5 axb5 38. e6 Bd5 39. Ne4 1-0